1047 1445 1874 1140 1164 1352 1603 1631 1138 1774 1717 1895 1310 1771 1331 1875 1131 1804 1673 1596 1846 1938 1052 1699 1757 1429 1081 1794 1822 1946 1519 1532 1140 1654 1279 1650 1198 1572 1156 1441 1743 1386 1194 1216 1744 1169 1983 1913 1036 1937 1817 1441 1173 1265 1284 1242 1577 1851 1808 1788 1229 1815 1658 1336 1293 1011 1858 1124 1465 1360 1095 1776 1230 1444 1694 1591 1188 1136 1132 1542 1744 1534 1004 1633 1047 1218 1596 1816 1621 1865 1492 1238 1861 1527 1847 1417 1622 1193 1610 BCNSPRNW ULIB Ver.6.0+V

เปลี่ยนเป็นภาษาไทย

Change to English
 แสดงรายละเอียดบรรณานุกรม
  กลับหน้าหลัก

Brief Record : Get Marc (ISO 2709) : E-mail record : QR code < ปิดหน้าต่าง
LEADER : 00000nam 2200000uu 4500
001    13399123169
003     ULIB
008    130709s2551||||th 000 0 tha d
020    ^a9789740466680
090    ^aนว.^bร111ร
100 0  ^aโรสลิต้า
245 00 ^aเรื่องเล่าสาววอลมาร์ท/^cโรสลิต้า
250    ^aพิมพ์ครั้งที่ 1
260    ^aกรุงเทพฯ :^bนกฮูก,^c2551
300    ^a351หน้า
710 1  ^aนกฮูก
945    ^p235^l0^i20317
995    ^aทศพร
999    ^aทศพร เกษรทอง
รายการนี้ยังไม่มีแท็ก
คุณยังไม่ได้ล็อกอิน คุณสามารถมีกิจกรรมร่วมกับเว็บไซต์ได้ แต่ต้องล็อกอินก่อน ::
  ล็อกอิน

รายการสื่อสารสนเทศ

ลำดับที่ ประเภท เลขเรียก/บาร์โค้ด สถานที่ สถานะ
1. นวนิยาย
นวนิยาย
นว. ร111ร ฉ.1 
  Barcode: 20317
ห้องสมุดวิทยาเขตนครสวรรค์
►นวนิยาย:l:Fiction
บนชั้น

BibComment


ยังไม่เคยถูกคอมเมนท์

คอมเมนท์ทรัพยากรรายการนี้
  คอมเมนท์: เรื่องเล่าสาววอล..


 Copyright 2026. Bcnsprnw @Library